Pla de gestió i desenvolupament Espai Agrari Baixa Tordera /
Descripción Física:
126 pàg. ; il. col. ; 30 cm.
Materias:
Espai Agrari Baixa Tordera
; Desenvolupament agrícola -- Projectes -- (Catalunya - Maresme)
Idioma:
Catalán
MARC
| LEADER | 00000nam a22000007a 4500 | ||
|---|---|---|---|
| 001 | 26854 | ||
| 003 | Arxiu | ||
| 005 | 20260324181142.0 | ||
| 008 | 221011b spa||||| |||| 00| 0 cat d | ||
| 017 | |a B 16316-2018 | ||
| 040 | |a agdb | ||
| 100 | |9 26277 |a Roca i Torrent, Anna | ||
| 245 | |a Pla de gestió i desenvolupament Espai Agrari Baixa Tordera / |c Autores: Anna Roca i Torrent i Cristina Tous de Sousa ; coordinació: Sònia Callau i Berenguer | ||
| 260 | |a Barcelona : |b Diputació de Barcelona ; |c desembre 2020 | ||
| 300 | |a 126 pàg. ; |b il. col. ; |c 30 cm. | ||
| 610 | 0 | |9 54472 |a Espai Agrari Baixa Tordera | |
| 650 | 0 | |9 54471 |a Desenvolupament agrícola |x Projectes |z (Catalunya - Maresme) | |
| 700 | 1 | |a Tous de Sousa, Cristina |9 54473 | |
| 700 | |9 54474 |a Callau i Berenguer, Sònia |e coord. | ||
| 942 | |2 udc |c ARXIU |n 1 | ||
| 952 | |0 0 |1 0 |2 udc |4 0 |6 BIB972 |7 1 |9 63968 |a Arxiu |b Arxiu |d 2022-10-11 |l 0 |o Bib-972 |p 26854 |r 2022-10-11 00:00:00 |w 2022-10-11 |y ARXIU | ||
| 999 | |c 82687 |d 82687 | ||